Les surprenants chiffres des Français - 4 - Statistiques

Statistiques générales
  • Ce quiz a été pris 25 fois
  • Le résultat moyen est 6 sur 15
Statistiques - réponses
Hint Réponse % Correct
54 litres par seconde Consommation d'huile alimentaire
90%
60% des enfants français consomment des Corn flakes au petit-déjeuner
81%
94,7 % du sucre français provient de la betterave
62%
14 % des dépenses alimentaires sont des produits laitiers
62%
42 par an par Français Consommation de steaks hachés
43%
24000 Nombre de marins professionnels en France
43%
50 kilos par seconde Consommation de boeuf des Français
38%
120000 tonnes Consommation annuelle de merguez des Français
33%
13500 Nombre d'entreprises agro-alimentaires en France
33%
6665 litres par an Production moyenne d'une vache française
33%
57 kilos par seconde Consommation de chocolat les 3 jours du week-end de Pâques
24%
51 kilos par seconde Consommation de poulet des Français
19%
2,2 kilos par seconde Consommation de saucisson des Français
19%
127 tonnes par an Production de jambon blanc en France
19%
2 kilos par seconde Consommation de surimi des Français
5%
Aucun quiz correspondant
Distribution des résultats
% des personnes avec chaque résultat
Percentile par nombre de réponses
Votre historique - résultats
Vous n’avez pas pris ce quiz